Video Game Characters - Sudden Death - Statistics

General Stats
  • This quiz has been taken 1,461 times
  • The average score is 7 of 19
Answers on the Grid
Answers color-coded by a green-red scale on the quiz's grid according to % correct below.
Yoshi
Cortana
Great Mighty Poo
Death Brain
Plasma Snake
Jill Valentine
William Brinkman
Cloud Strife
Arthur Morgan
Doomguy
Captain Blackfist
Jonathan McDonald
Carl Johnson
Ryo Hazuki
Kami Mizutaki
Shovel Knight
TTL 5690
Sawback Monster
Crashbone Fightmaster
Guybrush Threepwood
Agent 47
Duke Crestbull
Pyramid Head
Necromorphs
Muchi Guchi
Plague Rat of Doom
Horror Boy
Simon Belmont
Gilius Thunderhead
Marth
Desmond Miles
Moldavian Horror
 
Answer Stats
Answer % Correct
Yoshi
98%
Agent 47
59%
Arthur Morgan
58%
Cortana
48%
Doomguy
47%
Jill Valentine
45%
Pyramid Head
42%
Shovel Knight
42%
Cloud Strife
38%
Desmond Miles
34%
Simon Belmont
32%
Marth
31%
Great Mighty Poo
30%
Ryo Hazuki
30%
Necromorphs
24%
Carl Johnson
21%
Guybrush Threepwood
13%
Plague Rat of Doom
11%
Gilius Thunderhead
8%
No matching quizzes found
Score Distribution
Percent of People with Each Score
Percentile by Number Answered
Your Score History
You have not taken this quiz